01189nab a22002417a 4500999001500000003000400015005001700019008004100036040000700077100003000084245014800114260007200262300001300334500003900347505019700386505008900583650002600672650002800698650002900726650004000755773013900795942001300934 c5922d5922OSt20260114010038.0190605e xxu||||| |||| 00| 0 spa d cPJ 96370aLoredo, María Sol13aLa (in)compatibilidad del modelo sindical argentino con las garantías constitucionales y los convenios internacionales /cMaría Sol Loredo. aCiudad Autónoma de Buenos Aires :bThomson Reuters La Ley,c2024. ap. 57-67 aCita: TR LALEY AR/DOC/2996/2023.  aSumario: I. Introducción.— II. Breve caracterización del modelo sindical argentino.— III. Análisis de los institutos de la norma en pugna.— IV. Conclusión.— V. Bibliografía.  t¿Te interesa el texto completo? Solicitalo al correo: koha@justierradelfuego.gov.ar 091316aDERECHO LABORAL 091461aLIBERTAD SINDICAL 091371aPERSONERIA GREMIAL 09179aGARANTIAS CONSTITUCIONALES ›0 0271193168dCiudad Autónoma de Buenos Aires : Thomson Reuters La Ley, 1999-2002.tRevista de derecho del trabajo. Nº 1 - Enero 2024 2udccANA